Normal view
MARC view
- Broglie, Louis de
Entry Personal Name
001 - CONTROL NUMBER
- control field: 39802
003 - CONTROL NUMBER IDENTIFIER
- control field: NUST
005 - DATE AND TIME OF LATEST TRANSACTION
- control field: 20210314131540.0
008 - FIXED-LENGTH DATA ELEMENTS
- fixed length control field: 210314|| aca||aabn | a|a d
040 ## - CATALOGING SOURCE
- Original cataloging agency: NUST
- Transcribing agency: NUST
100 ## - HEADING--PERSONAL NAME
- Personal name: Broglie, Louis de
670 ## - SOURCE DATA FOUND
- Source citation: Work cat.: (NUST): Broglie, Louis de,, An introduction to the study of wave mechanics /, [1930?]
